000 00849nam a2200265Ia 4500
003 OSt
005 20220930082022.0
006 a|||||r|||| 00| 0
007 ta
008 220926b |||||||| |||| 00| 0 hin d
024 _a109634
037 _cTheses
040 _aCRL
_cCRL
_bhin
041 _2hin
_ahin
100 _aChitkara Alka
_9542527
110 _aPunjab University, Chandigarh. Faculty of Arts. Department of Sanskrit
_9542528
245 0 _aKavi samaya ki drishti se Kalidasa, Bharvi aur Magh ke kavyon ka adhyayan
260 _c2006
300 _a261p.
_ap.
_ccm.
650 _aENGLISH LITERATURE
700 _a Dr. Anirudh Joshi Gu.
_9542529
700 _aPunjab University, Chandigarh. Faculty of Arts. Department of Sanskrit
_9542530
942 _cDIS
_2CC
999 _c872374
_d872374